| 000 | 00934nac a22003137a 4500 | ||
|---|---|---|---|
| 001 | BR3400004 | ||
| 003 | BR-BrBNA | ||
| 005 | 20240105112806.0 | ||
| 008 | 230509b bl.|||m| |||| 00| 0 por d | ||
| 040 |
_aBR-BrBNA _bpor _cBiblioteca Nacional de Agricultura |
||
| 072 | _aL00; L10 | ||
| 090 | _a6100 BR3400004 | ||
| 100 | 1 | _aPimentel, M. | |
| 245 | 1 | _aMonograhia da Leghorn [Galinha para postura; Producao animal; Melhoramento genetico animal] | |
| 250 | 1 | _a2. ed. | |
| 260 | 3 |
_aSao Paulo, SP (Brasil): _bChacaras e Quintaes, _c1934. |
|
| 300 | _a31 p. | ||
| 490 |
_aBiblioteca Agricola Popular Brasileira (Brazil) _v _x |
||
| 500 | _a27 illus. | ||
| 650 | _aPRODUCAO ANIMAL | ||
| 650 | _aMELHORAMENTO GENETICO ANIMAL | ||
| 650 | _aLEGHORN | ||
| 650 | _aGALINHA PARA POSTURA | ||
| 650 | _aOVO | ||
| 650 | _aPOSTURA | ||
| 650 | _aRACA | ||
| 909 |
_a202312 _bLúcia Elande _c55 _dLúcia Elande |
||
| 942 |
_2AGRIS _n0 _cMS |
||
| 999 |
_c260318 _d260318 |
||